000 00507cam a2200193ua 4500
001 9696
008 160604n ii |||gr||||Z||||||eng
040 _cMAIN
041 _aeng
082 _a350
100 _aAvasthi, Amreshwar,
_eAuthor.,
245 1 _aPublic administration
_cby Amreshwar Avasthi
250 _a21st rev. ed.
260 _aAgra:
_bLakshmi Narain Agarwal,
_c1996.
300 _a596p.
653 _aPublic administration & military science
700 _aMahwshwari, Shriram.
942 _cBK
999 _c8710
_d8710